Origen del arte cristiano : (Record no. 91148)

MARC details
000 -LEADER
campo de control de longitud fija 00925nam a2200253 i 4500
001 - NÚMERO DE CONTROL
campo de control 91148
003 - IDENTIFICADOR DE NÚMERO DE CONTROL
campo de control ES-MaACL
005 - FECHA Y HORA DE LA ÚLTIMA TRANSACCIÓN
campo de control 20250901062533.0
007 - CAMPO FIJO DE DESCRIPCIÓN FÍSICA--INFORMACIÓN GENERAL
campo de control de longitud fija t|
008 - DATOS DE LONGITUD FIJA--INFORMACIÓN GENERAL
campo de control de longitud fija 050127s1958 an ||||1| spa d
080 ## - NÚMERO DE LA CLASIFICACIÓN DECIMAL UNIVERSAL
Número de la Clasificación Decimal Universal 246
080 ## - NÚMERO DE LA CLASIFICACIÓN DECIMAL UNIVERSAL
Número de la Clasificación Decimal Universal 7"00/10"
100 1# - ENTRADA PRINCIPAL--NOMBRE DE PERSONA
Nombre de persona Leroy, Alfred.
9 (RLIN) 71795
245 10 - MENCIÓN DEL TÍTULO
Título Origen del arte cristiano :
Resto del título desde los orígenes hasta el año mil /
Mención de responsabilidad, etc. Alfred Leroy ; [versión española de J.L. Escayola].
260 ## - PUBLICACIÓN, DISTRIBUCIÓN, ETC.
Lugar de publicación, distribución, etc. Andorra :
Nombre del editor, distribuidor, etc. Casal i Vall,
Fecha de publicación, distribución, etc. [1958]
300 ## - DESCRIPCIÓN FÍSICA
Extensión 158 p. ;
Dimensiones 19 cm.
490 1# - MENCIÓN DE SERIE
Mención de serie Yo sé, yo creo: enciclopedia del católico en el siglo XX ;
Designación de volumen o secuencia 122. Las artes cristianas
650 #4 - PUNTO DE ACCESO ADICIONAL DE MATERIA--TÉRMINO DE MATERIA
Término de materia o nombre geográfico como elemento de entrada Simbolismo cristiano.
9 (RLIN) 17106
650 #7 - PUNTO DE ACCESO ADICIONAL DE MATERIA--TÉRMINO DE MATERIA
Término de materia o nombre geográfico como elemento de entrada Arte paleocristiano
Fuente del encabezamiento o término embne
9 (RLIN) 145462
700 1# - ENTRADA AGREGADA--NOMBRE PERSONAL
Nombre de persona Escayola, Juan L.
9 (RLIN) 47530
830 10 - PUNTO DE ACCESO ADICIONAL DE SERIE-TÍTULO UNIFORME
Título uniforme Yo sé, yo creo: enciclopedia del católico del siglo XX
Designación de volumen o secuencia 122. Las artes cristianas
9 (RLIN) 186579
852 4# - LOCALIZACIÓN
Ubicación ES-MaACL
Número de control de estantería C-16163
Holdings
Estatus retirado Estado de pérdida Estado de daño No para préstamo Biblioteca de origen Biblioteca actual Ubicación en estantería Fecha de adquisición Fuente de adquisición Total de préstamos Signatura topográfica completa Código de barras Visto por última vez Precio de reemplazo Tipo de ítem Koha
        Biblioteca del Ateneo de Madrid Biblioteca del Ateneo de Madrid Ficheros 17/01/2008     C-16163 1095165 23/02/2023 23/02/2023 Libro impreso